00607nam a2200205Ia 4500001000900000003000500009005001700014008004100031010001100072040000900083082002700092110003000119240003800149245003800187260003300225300001800258410003700276650003300313650005500346dia_1436CHAP20230313091827.0220117s1965 xx 000 0 und d a171977 cCHAP aC 662.0424972 M48 1965 aMéxico. Leyes, Decretos aCodoficación Sanitaria Mexicana aCodificación Sanitaria Mexicana aMéxico :b Andrade,c1965 axxii, 1019 p. aLA BIBLIOTECA TIENE 1965 V1 1981 aPublic health sanitation law aSalud públicaxLeyes y legislaciónxMéxico